[Event "Sousse BICA op 1st"]
[Site "Sousse"]
[Date "2021.12.30"]
[Round "9"]
[White "Boumrifek, Najeh"]
[Black "Mohamed, Kamel Samir"]
[Result "1-0"]
[WhiteElo "1269"]
[BlackElo "1397"]
[PlyCount "107"]
[EventDate "2021.12.24"]
[EventType "swiss"]
[EventRounds "9"]
[EventCountry "TUN"]
[SourceTitle "CBM 205 Extra"]
[Source "ChessBase"]
[SourceDate "2022.01.31"]
[SourceVersion "1"]
[SourceVersionDate "2022.01.31"]
[SourceQuality "1"]

1. e4 c5 2. Nf3 Nc6 3. d4 cxd4 4. Nxd4 a6 5. Nc3 e6 6. a3 Nf6 7. Be2 Be7 8. 0-0 0-0 9. Kh1 d6 10. f4 Qc7 11. Be3 Nxd4 12. Bxd4 e5 13. Be3 b5 14. f5 Bb7 15. Nd5 Nxd5 16. exd5 h6 17. b3 Rac8 18. c4 bxc4 19. Bxc4 Ra8 20. Qg4 Kh7 21. Rac1 Qd8 22. Bd3 Kh8 23. Be4 Rc8 24. Qh5 Bg5 25. Rxc8 Bxc8 26. Bxg5 Qxg5 27. Qxg5 hxg5 28. Rc1 f6 29. Rc6 Rd8 30. a4 Kg8 31. Kg1 Kf8 32. Kf2 a5 33. g4 Ke7 34. Rc7+ Kf8 35. Ke3 Ba6 36. Bd3 Rc8 37. Ra7 Bxd3 38. Kxd3 Rc5 39. Ke4 Kg8 40. Rd7 Rc3 41. Rxd6 Rxb3 42. Re6 Rb4+ 43. Kf3 Rxa4 44. Ra6 Ra3+ 45. Ke2 Kf8 46. d6 a4 47. Ra8+ Kf7 48. d7 Ra2+ 49. Kd3 Ra1 50. d8Q Rd1+ 51. Ke2 Rxd8 52. Rxd8 Ke7 53. Ra8 Kd6 54. Rxa4 1-0

[Event "Sousse BICA op 1st"]
[Site "Sousse"]
[Date "2021.12.28"]
[Round "7"]
[White "Mezioud, Amina"]
[Black "Mohamed, Kamel Samir"]
[Result "1-0"]
[WhiteElo "2077"]
[BlackElo "1397"]
[PlyCount "103"]
[EventDate "2021.12.24"]
[EventType "swiss"]
[EventRounds "9"]
[EventCountry "TUN"]
[SourceTitle "CBM 205 Extra"]
[Source "ChessBase"]
[SourceDate "2022.01.31"]
[SourceVersion "1"]
[SourceVersionDate "2022.01.31"]
[SourceQuality "1"]

1. e4 c5 2. Nf3 Nc6 3. d4 cxd4 4. Nxd4 Ne5 5. Nc3 e6 6. Be2 Nf6 7. 0-0 a6 8. f4 Ng6 9. e5 Nd5 10. Nxd5 exd5 11. Bf3 Bc5 12. Bxd5 Qb6 13. c3 Ne7 14. Be4 Nc6 15. Bxc6 dxc6 16. Kh1 0-0 17. b4 Bxd4 18. Qxd4 Qxd4 19. cxd4 g6 20. Be3 h5 21. h3 Be6 22. Rg1 Kh7 23. g4 Rg8 24. Kh2 Rad8 25. a3 Rg7 26. gxh5 gxh5 27. Rxg7+ Kxg7 28. Rg1+ Kh7 29. Rg5 Rg8 30. Rxh5+ Kg6 31. Rg5+ Kh7 32. f5 Rxg5 33. fxe6 Rg7 34. e7 Rg8 35. Bg5 Kg6 36. h4 Kh5 37. Kg3 b6 38. Kf4 Kg6 39. Ke4 Rh8 40. d5 cxd5+ 41. Kxd5 Kf5 42. Kd6 Ra8 43. Bf6 b5 44. h5 Rb8 45. Kc7 Ra8 46. Kb7 Rg8 47. Kxa6 Rb8 48. Ka7 Re8 49. Kb7 Rg8 50. Kc7 Ra8 51. Kd7 Rb8 52. e8Q 1-0

[Event "Sousse BICA op 1st"]
[Site "Sousse"]
[Date "2021.12.27"]
[Round "6"]
[White "Mohamed, Kamel Samir"]
[Black "Chbil, Chaima"]
[Result "1-0"]
[WhiteElo "1397"]
[BlackElo "1246"]
[PlyCount "123"]
[EventDate "2021.12.24"]
[EventType "swiss"]
[EventRounds "9"]
[EventCountry "TUN"]
[SourceTitle "CBM 205 Extra"]
[Source "ChessBase"]
[SourceDate "2022.01.31"]
[SourceVersion "1"]
[SourceVersionDate "2022.01.31"]
[SourceQuality "1"]

1. c4 e5 2. Nc3 Nf6 3. g3 d5 4. cxd5 Nxd5 5. d3 Nxc3 6. bxc3 Nd7 7. Bg2 Bd6 8. Nf3 f6 9. 0-0 Qe7 10. e4 Nc5 11. Nh4 Bd7 12. d4 exd4 13. cxd4 Ne6 14. Qh5+ Qf7 15. Qxf7+ Kxf7 16. Bb2 c6 17. Rfc1 Rhe8 18. a3 Nc7 19. Re1 Nb5 20. Nf3 Re7 21. a4 Nc7 22. e5 fxe5 23. dxe5 Bb4 24. Rec1 Rd8 25. Rd1 h6 26. h3 Ree8 27. Rd4 Bc5 28. Rf4+ Kg8 29. Rc1 g5 30. Rf6 Be7 31. Rxh6 Kg7 32. Rh5 Kg6 33. g4 Ne6 34. Nh2 Nf4 35. Be4+ Kf7 36. Rh6 Ne2+ 37. Kg2 Nxc1 38. Bxc1 Rh8 39. Rg6 Rdg8 40. Rxg8 Rxg8 41. f4 gxf4 42. Bxf4 a6 43. Bd3 b5 44. axb5 axb5 45. Nf3 b4 46. Nd4 Rb8 47. Bc4+ Kg6 48. e6 Be8 49. Bxb8 c5 50. Nb3 Bc6+ 51. Kg3 Kf6 52. h4 Ba4 53. Kf4 Be8 54. h5 Kg7 55. Be5+ Kh6 56. Kg3 Kh7 57. Bf4 Kg7 58. Nd2 Kh7 59. Nf3 Ba4 60. Nd2 Be8 61. Nb3 Kg7 62. Be3 1-0